| 000 | 00810nam a2200193Ia 4500 | ||
|---|---|---|---|
| 003 | GCL | ||
| 008 | 140319s9999 xx 000 0 ara d | ||
| 040 |
_aGCL / _cGCL |
||
| 082 | 0 | 4 |
_a414.5 _bع ن |
| 100 | 1 | _aعبدالغنى النابلسى، عبدالغنى بن اسماعيل، 1641-1731 م | |
| 245 | 1 | 0 |
_aنفحات الازهار على نسمات الاسمار فى مدح النبى المختار شرح البديعة المزرية بالعقود الجوهرية / _cعبدالغنى النابلسى، عبدالغنى بن اسماعيل، 1641-1731 م |
| 260 |
_a[S.N] : _bعالم الكتب الحديث |
||
| 300 | _a348 ص | ||
| 490 | _a | ||
| 650 | 0 | 4 | _aالبلاغة العربية |
| 650 | 0 | 4 | _aعلم البديع |
| 650 | 0 | 4 | _aالمدائح النبوية |
| 942 |
_2ddc _cBK |
||
| 999 |
_c52771 _d52771 |
||